000 00360nam a2200145Ia 4500
005 20251222152031.0
008 251222s9999||||xx |||||||||||||| ||spa||
020 _a84233136838
082 _a863/D36
100 _aDe Tomas Garcia, José Luis
245 0 _aLa Otra Orilla de la Droga
250 _a1ra.ed.
264 _bEdiciones Destino, S.A.
942 _cLIB
999 _c25664
_d25664